Bimbingan fardhu ain [ Teori & praktikal

General viewing for all ages (U)

Bibliographic Details
Main Author: Ishak Baharom , Dato'
Format: Book
Published: Kuala Lumpur : Deen Production Sdn. Bhd. , 20-
Subjects:

MARC

LEADER 00000cam a2200000 7i4500
001 0000155399
005 20110921.0
090 0 0 |a 297.5   |b BIM 
100 0 |a Ishak Baharom ,   |d Dato' 
245 0 0 |a Bimbingan fardhu ain [  |h digital video disc] :   |b Teori & praktikal   |c Dato' Ishak Baharom 
260 |a Kuala Lumpur :   |b Deen Production Sdn. Bhd. ,   |c 20- 
300 |a 2 digital video disc (110 minutes) :   |b col 
500 |a Library has 3 copies 
520 0 |a General viewing for all ages (U) 
650 0 0 |a Islam   |x Customs and practices   |x AV Collection 
999 |a AV 27562   |b DIGITAL VIDEO DISC   |c PINJAMAN   |e PERPUSTAKAAN KOMUNITI PETALING JAYA 
999 |a AV 27563   |b DIGITAL VIDEO DISC   |c PINJAMAN   |e PERPUSTAKAAN KOMUNITI PETALING JAYA 
999 |a AV 27564   |b DIGITAL VIDEO DISC   |c PINJAMAN   |e PERPUSTAKAAN KOMUNITI PETALING JAYA